Extraordinary : (Record no. 293308)
[ view plain ]
| 000 -LEADER | |
|---|---|
| fixed length control field | 00714nam a2200241Ia 4500 |
| 008 - FIXED-LENGTH DATA ELEMENTS--GENERAL INFORMATION | |
| fixed length control field | 160404s9999 xx 000 0 und d |
| 020 ## - INTERNATIONAL STANDARD BOOK NUMBER | |
| International Standard Book Number | 978-971-27-2098-7 |
| 050 ## - LIBRARY OF CONGRESS CALL NUMBER | |
| Classification number | FIL HD 57.7 |
| 050 ## - LIBRARY OF CONGRESS CALL NUMBER | |
| Item number | .E98 2008 c.1 |
| 245 ## - TITLE STATEMENT | |
| Title | Extraordinary : |
| 245 ## - TITLE STATEMENT | |
| Remainder of title | stories for aspiring leaders / |
| 245 ## - TITLE STATEMENT | |
| Statement of responsibility, etc | edited by Victor L. Magdaraog, Nikki Katherine M. Dy - Liacco. |
| 260 ## - PUBLICATION, DISTRIBUTION, ETC. (IMPRINT) | |
| Place of publication, distribution, etc | Pasig City: |
| 260 ## - PUBLICATION, DISTRIBUTION, ETC. (IMPRINT) | |
| Name of publisher, distributor, etc | Anvil Pub. Inc., |
| 260 ## - PUBLICATION, DISTRIBUTION, ETC. (IMPRINT) | |
| Date of publication, distribution, etc | 2008 |
| 300 ## - PHYSICAL DESCRIPTION | |
| Extent | 244 pages : |
| 300 ## - PHYSICAL DESCRIPTION | |
| Other physical details | illustrations ; |
| 300 ## - PHYSICAL DESCRIPTION | |
| Dimensions | 23 cm. |
| 650 ## - SUBJECT ADDED ENTRY--TOPICAL TERM | |
| Topical term or geographic name as entry element | Businessmen -- Philippines -- Biography. |
| 650 ## - SUBJECT ADDED ENTRY--TOPICAL TERM | |
| Topical term or geographic name as entry element | Leadership. |
| 650 ## - SUBJECT ADDED ENTRY--TOPICAL TERM | |
| General subdivision | Businesswomen -- Philippines -- Biography. |
| 650 ## - SUBJECT ADDED ENTRY--TOPICAL TERM | |
| General subdivision | Leadership -- Philippines. |
| Withdrawn status | Lost status | Damaged status | Home library | Current library | Shelving location | Date acquired | Cost, normal purchase price | Total Checkouts | Full call number | Barcode | Date last seen | Price effective from | Koha item type |
|---|---|---|---|---|---|---|---|---|---|---|---|---|---|
| South Mansfield College | South Mansfield College | Filipiniana Section | 02/14/2011 | 495.00 | FIL HD 57.7 .E98 2008 c.1 | SMC05321 | 04/04/2016 | 04/04/2016 |